Collegii salmaticensis fratrum discalceatorum beatae Mariae de Monte Carmeli perenti suo Eliae consecrati cursus theologicus

Detalles Bibliográficos
Formato: Libro
Publicado: Segovia 1637
Materias:
Colección:Banco de datos
Acervo:Biblioteca del Museo Regional de Querétaro. INAH. Querétaro
Descripción Física:t. II
Tema general:Teología
Notas:Regular. 4E7, 13
LEADER 00722nam a22001930004500
035 |a 20241 
036 |a 151 
245 1 0 |a Collegii salmaticensis fratrum discalceatorum beatae Mariae de Monte Carmeli perenti suo Eliae consecrati cursus theologicus 
260 |a Segovia  |b Diego Díaz de la Carrera  |c 1637 
300 |a t. II 
500 |a Regular. 4E7, 13 
650 1 0 |a Teología 
949 |a C.R.Q. 
959 |a Ex convento Grande de San Francisco de la ciudad de Querétaro, Museo Regional de Querétaro  |b CCC2 
960 |a Convento de Santa Teresa de la ciudad de Querétaro  |b DD97 
961 |a Carmelita  |b OCM 
942 |c C.R.Q. 
943 |g Biblioteca del Museo Regional de Querétaro. INAH. Querétaro 
999 |c 976557  |d 976557